Прапори світу - Statistics

General Stats
  • This quiz has been taken 281 times
  • The average score is 69 of 285
Answer Stats
Picture Answer % Correct
Сполучені Штати Америки
97%
Великобританія
66%
Канада
62%
Австралія
59%
Ізраїль
59%
Франція
59%
Німеччина
59%
Україна
58%
Аргентина
56%
росія
56%
Іспанія
56%
Індія
56%
Туреччина
56%
Греція
55%
Чехія
55%
Естонія
55%
Бельгія
55%
Білорусь
55%
Італія
54%
Китай
54%
Швейцарія
54%
Польща
54%
Нідерланди
53%
Японія
53%
Словаччина
52%
Румунія
52%
Казахстан
52%
Молдова
51%
Швеція
51%
Південна Корея
51%
Кіпр
51%
Ірландія
50%
Грузія
50%
Мексика
49%
Норвегія
49%
Північна Корея
49%
Бразилія
49%
Люксембург
48%
Хорватія
48%
Сербія
48%
Нова Зеландія
47%
Чилі
47%
Болгарія
47%
Албанія
47%
Данія
47%
Фінляндія
47%
Ватикан
46%
Португалія
46%
Північна Македонія
45%
Словенія
44%
Монголія
43%
Вірменія
42%
Єгипет
42%
Європейський Союз
42%
Малайзія
41%
Іран
41%
Непал
41%
Латвія
41%
Індонезія
41%
Азербайджан
41%
Монако
40%
Куба
39%
Угорщина
39%
Катар
39%
НАТО
39%
Сан-Марино
38%
Венесуела
38%
В'єтнам
38%
Ісландія
38%
Косово
38%
Саудівська Аравія
38%
Уругвай
37%
Шрі-Ланка
37%
Панама
36%
Колумбія
36%
Сирія
36%
Ірак
36%
Марокко
36%
Мальта
36%
Австрія
36%
Англія
35%
Перу
34%
Ліхтенштейн
34%
Шотландія
34%
Литва
34%
Уганда
33%
Боснія і Герцеговина
33%
Таїланд
33%
Нігерія
33%
Пакистан
33%
Бутан
32%
Об'єднані Арабські Емірати
32%
Тайвань
32%
Ямайка
32%
Південно-Африканська Республіка
32%
Андорра
31%
Туніс
31%
Киргизстан
31%
Чорногорія
31%
Узбекистан
31%
Бангладеш
31%
Ліберія
30%
Камбоджа
30%
Філіппіни
30%
Туркменістан
30%
Уельс
30%
Домініканська Республіка
29%
Парагвай
29%
Кенія
29%
Ліван
29%
Алжир
29%
Лаос
28%
Еквадор
28%
Палестина
28%
Сомалі
28%
Гондурас
27%
Чад
27%
Сальвадор
26%
Мальдіви
26%
Ангола
26%
Гонконг
26%
Гватемала
25%
Нікарагуа
25%
Нігер
25%
Папуа-Нова Гвінея
25%
Мадагаскар
25%
Барбадос
24%
Гренландія
24%
Кот д'Івуар
23%
Йорданія
23%
Острів Мен
23%
Таджикистан
22%
Лівія
22%
Бахрейн
22%
Фіджі
21%
Мозамбік
21%
Оман
20%
Афганістан
20%
Кувейт
19%
Сингапур
19%
М'янма
19%
Ефіопія
19%
Кірибаті
18%
Бруней
18%
Придністров'я
18%
Домініка
18%
Сейшельські Острови
18%
Мавританія
17%
АР Крим
17%
Гібралтар
17%
Еритрея
17%
Танзанія
17%
Судан
16%
Гаїті
16%
Коста-Рика
16%
Гуам
16%
Мікронезія
16%
Палау
16%
Лесото
16%
Замбія
16%
Бурунді
16%
Острови Кука
15%
Баварія
15%
Малаві
15%
Східний Тимор
15%
Самоа
15%
Беліз
15%
Центральноафриканська Республіка
15%
Багамські Острови
14%
Демократична Республіка Конго
14%
Сент-Люсія
14%
Науру
14%
Гана
14%
Зімбабве
14%
Тувалу
13%
Пуерто-Рико
13%
Південний Судан
13%
Йемен
13%
Буркіна-Фасо
13%
Тонга
13%
Острів Пасхи
13%
Джерсі
13%
Північна Ірландія
13%
Фарерські острови
13%
Кабо-Верде
13%
Ботсвана
13%
Габон
13%
Болівія
13%
Ангілья
12%
Екваторіальна Гвінея
12%
Північний Кіпр
12%
Гамбія
12%
Африканський Союз
12%
Абхазія
12%
Сенегал
12%
Камерун
12%
Того
12%
Бенін
12%
Монтсеррат
11%
Антигуа і Барбуда
11%
Тринідад і Тобаго
11%
Корсика
11%
Майотта
11%
Есватіні
11%
Суринам
11%
Намібія
11%
Кокосові острови
11%
Маврикій
11%
Малі
11%
Ніуе
10%
Південна Осетія
10%
Каталонія
10%
Курдистан
10%
Джибуті
10%
Острів Різдва
10%
Коморські Острови
10%
Гренада
10%
Вануату
10%
Фолклендські Острови
9%
Бермудські Острови
9%
Республіка Сербська
9%
Тибет
9%
Арцах
9%
Сент-Кітс і Невіс
9%
Західна Сахара
9%
Сардинія
9%
Гернсі
9%
Аландські острови
9%
Американське Самоа
9%
Руанда
9%
Гаяна
9%
Республіка Конго
9%
Британські Віргінські Острови
8%
Теркс і Кайкос
8%
Острів Святої Єлени
8%
Острів Піткерн
8%
Британська Територія в Індійському Океані
8%
Саба
8%
Гагаузія
8%
Сомаліленд
8%
Французька Полінезія
8%
Квебек
8%
Нова Каледонія
8%
Гвінея
8%
Тристан-да-Кунья
7%
Острів Вознесіння
7%
Кайманові Острови
7%
Воєводина
7%
Гваделупа
7%
Американські Віргінські Острови
7%
Маршаллові Острови
7%
Аруба
7%
Соломонові Острови
7%
Південна Джорджія та Південні Сандвічеві Острови
6%
Сицілія
6%
Країна Басків
6%
Мартиніка
6%
Сьєрра-Леоне
6%
Сент-Вінсент і Гренадини
6%
Аоминь
6%
Фландрія
5%
Валлонія
5%
Бонайре
5%
Північні Маріанські Острови
5%
Кюрасао
5%
Токелау
5%
Занзібар
5%
Сеута
4%
Канарські острови
4%
Мадейра
4%
Сен-П'єр і Мікелон
4%
Французька Гвіана
4%
Балеарські острови
3%
Волліс і Футуна
3%
Сен-Бартельмі
3%
Французькі Південні та Антарктичні Території
3%
Сінт-Естатіус
3%
Азорські острови
3%
АСЕАН
3%
Реюньйон
3%
Галапагоські острови
3%
Каракалпакстан
3%
Ліга арабських держав
3%
Гвінея-Біссау
3%
Сан-Томе і Прінсипі
2%
No matching quizzes found
Score Distribution
Percent of People with Each Score
Percentile by Number Answered
Your Score History
You have not taken this quiz